| 000 | 00845nam a2200229 i 4500 | ||
|---|---|---|---|
| 001 | 107502 | ||
| 003 | ES-MaACL | ||
| 005 | 20251107135620.0 | ||
| 007 | t| | ||
| 008 | 061121s1911 sp r ||||1| spa d | ||
| 100 | 1 |
_aMorayta, Miguel ( _d1834-1917) _9130147 |
|
| 245 | 1 | 3 |
_aLa libertad de la cátedra _b: sucesos universitarios de la Santa Isabel / _cMiguel Morayta de Sagrario. |
| 260 |
_aMadrid : _bEditorial Española-Americana, _c[1911] ( _fImp. de Juan Pueyo) |
||
| 300 |
_a205 p. ; _c20. |
||
| 530 | _aDisponible en formato digital. | ||
| 650 | 4 |
_aLibertad de cátedra- _zEspaña. _9154427 |
|
| 650 | 4 |
_aMovimientos estudiantiles- _zEspaña. _915223 |
|
| 852 |
_aES-MaACL _jG-110 _cDEPO2 |
||
| 856 | 4 |
_uhttp://bdh-rd.bne.es/viewer.vm?id=0000245453&page=1 _y(Biblioteca Digital Hispánica) |
|
| 942 | _2udc | ||
| 999 |
_c107502 _d107502 |
||